000 00835cab a2200253 4500
001 WB3222-19
008 090401t1996 xxu||||| |||| 00| 0 eng d
035 _a(Sirsi) u20768
041 _aeng
245 _aCLA document `panic measure`
260 _c1996
350 _a0
490 _aFarmer`s Guardian
_v31 May 1996, 9(1)
520 _aThe chairman of the Ramblers` Association has criticised the Country Landowners Association`s "Access 2000" document as a `panic measure` against possible future right to roam legislation.
650 _aACCESS 2000
650 _aACCESS TO THE COUNTRYSIDE
650 _aCOUNTRY LANDOWNERS ASSOCIATION
650 _aRAMBLERS ASSOCIATION
650 _aRIGHT TO ROAM
650 _aRIGHTS OF WAY
690 _aHIGHWAYS RIGHTS OF WAY AND EASEMENTS
942 _n0
948 _c04/03/1997
999 _c13918
_d13918